01005cam a2200241 a 450000100100000000500170001000800410002704000230006808200180009110000760010924500770018526000710026230000260033349000240035949000330038365000280041665000410044470000450048583000630053091000340059395201210062799900150074800000578020200929151800.0880722s1985 uy 001 p spa  aDO-SdBNPcDLCdDLC aU861.3bG216t1 aGarcía, Serafín J.q(Serafín José García),d1908-1985.91635410aTacuruses /cSerafín J. García ; prólogo, Juan Carlos Urta Melian. aMontevideo, Uruguay :bMinisterio de Educación y Cultura,c1985. axxx, 118 p. ;c21 cm.1 aBiblioteca Artigas.1 aClásicos uruguayos ;v167. 4aPoesía uruguaya93846 4aLiteratura uruguayaySIGLO XX9163361 aUrta Melia, Juan Carlos,epról.916355 0aBiblioteca Artigas.pClásicos uruguayos ;vv. 167916276 aCatalogación por copia / LC 001052708MOaGRbGRcCTd2009-08-22iLF1l0oU861.3 G216tp5780-10r2020-06-25w2020-06-25y2ZPréstamo interno c5576d5576